000
00282nam a22001217a 4500
041
_a
ENG
100
_a
Walkar.R
245
_a
Pump Selection A ConsultingEngineer"s Manual
260
_a
America
_b
ANN Arbar Science
_c
1976
300
_a
118
650
_a
IDE ( 05 )
856
_u
IDE ( 05 )
999
_c
2770
_d
2770